01275cam a2200253 a 450000500170000000800410001702000150005804000230007304100080009604400070010408200170011111101130012824502050024126000800044630000520052650400420057865000610062065000770068165000330075870000300079194200150082199900150083695201700085120161115121947.0010730s2001 ck a r 10010 spa d a9589679358 ala cladCo-BoIAVH0 aspa ack04a363.7 bS47e2 aSeminario La economía ambiental a la luz de la Política Ambiental en Colombia d(1999 : cVillavicencio)13aLa economía ambiental a la luz de la política ambiental en Colombia conceptos y aplicaciones : bmemorias de un taller realizado los días Agosto 30 y 31 de 1999 / c editado por Horst Wattenbach aBogotá : bPrograma de Ecología Tropical, Deutsche Gesellschaft,c2001. a221 páginas : bilustraciones ; c21 x 14 cm. aIncluye referencias bibliográficas.26aEconomía medioambientalvCongresos, conferencias, etc.26aImpacto ambiental xAspectos económicosvCongresos, conferencias, etc.26aMedio ambientexvaloración1 aWattenbach, Horsteeditor 2ddccLIBRO c4289d4289 00102ddc40708GENERALIINV2017aVenadobVenadod2005-01-21eInstitutog39000.00l0oLB-363.7 S47ep017066r2012-12-04 00:00:00tEj. 1w2012-12-04xDonacionyLIBRO